Normal view MARC view
  • United States.

Entry Corporate Name

Number of records used in: 3

001 - CONTROL NUMBER

  • control field: 11684

003 - CONTROL NUMBER IDENTIFIER

  • control field: NUST

005 - DATE AND TIME OF LATEST TRANSACTION

  • control field: 20180716064138.0

008 - FIXED-LENGTH DATA ELEMENTS

  • fixed length control field: 180716|| aca||aabn | a|a d

040 ## - CATALOGING SOURCE

  • Original cataloging agency: NUST
  • Transcribing agency: NUST

110 ## - HEADING--CORPORATE NAME

  • Corporate name or jurisdiction name as entry element: United States.
  • Subordinate unit: Supreme Court
  • General subdivision: Fiction.

670 ## - SOURCE DATA FOUND

  • Source citation: Work cat.: (NUST)173170: Baldacci, David. 6689, The simple truth /, 1998.
© 2023 Central Library, National University of Sciences and Technology. All Rights Reserved.